000 01472cam a22004574i 4500
003 PE-LiUPU
005 20250731173517.0
008 150616s r 000 0 d
020 _a0830717692
035 _a(Sirsi) i9780830717699
040 _aPE-LiUPU
_bspa
_cPE-LiUPU
_erda
049 _aPRUA
082 0 4 _a235.4
_bW15E
_221
100 1 _aWagner, C. Peter,
_eautor.
_91201
245 1 0 _aEngaging the enemy: How to fight and defeat territorial spirits.
264 1 _aVentura, California :
_bRegal Books,
_c1991.
300 _a206 páginas ;
_c21 centímetros
336 _atext
_2rdacontent
337 _aunmediated
_2rdamedia
338 _avolume
_2rdacarrier
505 0 _aThe issues.- The ministry.- The analysis.
526 _aSEG42
526 _aSEG41
526 _aSEG40
526 _aSEG39
526 _aP94
526 _aP87
526 _aP86
526 _aP85
526 _aP77
526 _aP76
526 _aP35
650 0 4 _aLUCHA ESPIRITUAL.
910 _ajck
_bjvq
_cjck
942 _2ddc
_cBOOK
949 _a235.4 W15E
_wDEWEY
_c1
_i41776
_lCCODEBUL1
_mBUL
_r0
_sY
_tBOOK
_u2015-6-16
_xTEOLOGIA
_zUNKNOWN
_0COMPRA
_o.STAFF. Colección General
994 _aC0
_bPEPRU
596 _a1
999 _a235.4 W15E
_wDEWEY
_c59441
_i41776
_f2021-11-10
_g5
_lCCODEBUL1
_mBUL
_r0
_sY
_tBOOK
_u2015-6-16
_xTEOLOGIA
_zUNKNOWN
_0COMPRA
_o.STAFF. Colección General
_d59441
980 _81
_gALBERTO SANCHEZ Responsable de Automatización